Biblioteca

Restauración del orden y gobierno en la iglesia (Registro nro. 67182)

Detalles MARC
000 -LÍDER
Campo fijo de descripción fija 01934nam a2200337 i 4500
001 - NÚMERO DE CONTROL
Campo de control 768714001
003 - IDENTIFICADOR DEL NÚMERO DE CONTROL
Campo de control CO-MdFUSB
005 - FECHA Y HORA DE LA ULTIMA TRANSACCIÓN
control field 20220318085053.0
007 - CAMPO FIJO DE DESCRIPCIÓN FIJA--INFORMACIÓN GENERAL
Campo fijo de descripción fija ta
008 - ELEMENTOS DE LONGITUD FIJA -- INFORMACIÓN GENERAL
Campo fijo de descripción fija -- Información general 220214t1993 xxu |||| |||| 00| 0 spa d
020 ## - NÚMERO INTERNACIONAL NORMALIZADO PARA LIBROS
Número Internacional Normalizado del libro [No incluye ISBN]
040 ## - FUENTE DE CATALOGACIÓN
Agencia de catalogación original CO-MdFUSB
Idioma de catalogación spa
Agencia que realiza la transcripción CO-MdFUSB
Agencia que realiza la modificación CO-MdFUSBC
Convenciones de la descripción rda
041 ## - CÓDIGO DE IDIOMA
Código de idioma para texto/pista de sonido o título separado spa
082 ## - NÚMERO DE CLASIFICACIÓN DECIMAL DEWEY
Número de la edición del Dewey 23
Número de clasificación 262
Clave de autor-Numero de item V434
100 ## - ASIENTO PRINCIPAL--NOMBRE PERSONAL
Nombre personal Velásquez, Carlos E.
Término relacionador autor
245 ## - TÍTULO
Título del Material Restauración del orden y gobierno en la iglesia
Mención de responsabilidad, etc. / Carlos E. Velásquez
264 #0 - PRODUCCIÓN, PUBLICACIÓN, DISTRIBUCIÓN, MANUFACTURA, Y COPYRIGHT
Lugar de producción, publicación, distribución, manufactura [Guatemala] :
Nombre del productor, publicador, distribuidor Ministerios Verbo,
Fecha de producción, publicación, distribución, manufactura, o copyright [1993]
300 ## - DESCRIPCIÓN FÍSICA
Extensión 142 páginas
Dimensiones ; 18 cm
336 ## - TIPO DE CONTENIDO
Fuente rdacontent
Término de tipo de contenido texto
Código de tipo de contenido txt
337 ## - TIPO DE MEDIO
Fuente rdamedia
Nombre del tipo de medio sin mediación
Código del tipo de medio n
338 ## - TIPO DE SOPORTE
Fuente rdacarrier
Nombre del tipo de soporte volumen
Código Tipo de soporte nc
505 ## - NOTA DE CONTENIDO
Título Parte uno. Nacimiento de la iglesia y su expresión ministerial:
Nota de contenido con formato preestablecido El ejemplo del Antiguo Testamento. -- La expansión del Evangelio y el ministerio. -- Apostólico. -- Delegación de autoridad apostólica en el discipulado. -- Otros dones ministeriales locales y extra locales. -- La autoridad de la iglesia local. -- Gobierno teocrático: apóstoles y profetas. -- Relación apostólica a la iglesia local. -- La función de los ancianos. -- los dones de Cristo a la iglesia. -- La autoridad apostólica. -- La autoridad de los ancianos. -- Otros títulos dados a los ancianos: oblispo y pastor. -- Una advertencia, una ilustración y un ejemplo. -- Una exhortación.
505 ## - NOTA DE CONTENIDO
Título Parte dos. El principal elemento para trabajar en equipo:
Nota de contenido con formato preestablecido Palabras aclaratorias. -- El ejemplo de Jesús. -- La historia de Verbo.
505 ## - NOTA DE CONTENIDO
Título Parte tres. Un estudio de los dones de Efesios 4.
Nota de contenido con formato preestablecido Los sentidos del cuerpo de Cristo. -- El sentido de la vista. -- El sentido del oído. -- El sentido del tacto. -- El sentido del olfato. -- El sentido del gusto.
563 ## - NOTA DE ENCUADERNACIÓN
Nota de encuadernación Rústico
650 #7 - ASIENTO SECUNDARIO DE MATERIA - TERMINO TEMÁTICO
9 (RLIN) 655
Término temático o nombre geográfico como elemento de entrada Iglesia
653 ## - TÉRMINO DE INDIZACIÓN - NO CONTROLADO
Término no controlado Gobierno eclesial.
653 ## - TÉRMINO DE INDIZACIÓN - NO CONTROLADO
Término no controlado Administración de la iglesia
942 ## - TIPO DE MATERIAL (KOHA)
Tipo de Item KOHA Libros General
945 ## - INFORMACIÓN LOCAL DEL REGISTRO
Catalogador JTF-925
Existencias
Estado de Material Estado de Perdido Forma de Clasificación Estado de Dañado No para Préstamo Colección Biblioteca de Origen Biblioteca Permanente Fecha de Adquisición Área Total de Préstamos Signatura Topográfica Código de Barras Última vez visto Última vez Préstado Ejemplar/Existencia Fecha de Remplazo Tipo de Material
    Dewey Decimal Classification     Colección General Biblioteca FUSBC Biblioteca FUSBC 14/02/2022 ECLESIOLOGÍA 1 G 262 V434r 12956 09/11/2023 24/10/2023 Ej.1 14/02/2022 Libros General

Biblioteca FUSBC | Teléfono: (57+4) 349 88 10 Ext. 141| WhatsApp (+57) 3005338115 
E-mail: biblioteca@unisbc.edu.co | Calle 76 87-14 Robledo Palenque, Medellín, Colombia

Con tecnología Koha